[Event "28. Torneo San Viator 2017"]
[Site "Madrid ESP"]
[Date "2017.04.09"]
[Round "3.20"]
[White "Yeves Miquel, Enrique"]
[Black "Juzgado Niella, Angel Luis"]
[Result "0-1"]
[WhiteElo "1788"]
[BlackElo "1625"]
[PlyCount "46"]
[EventDate "2017.03.26"]
[EventType "swiss"]
[EventRounds "9"]
[EventCountry "ESP"]
[SourceTitle "Ajedrez en Madrid"]
[Source "lmi"]
[SourceDate "2017.03.26"]
[SourceVersion "1"]
[SourceVersionDate "2017.04.10"]
[SourceQuality "1"]

1. d4 d5 2. c4 c6 3. Nc3 Nf6 4. e3 e6 5. Nf3 Nbd7 6. Qc2 b6 7. Bd3 Bb7 8. cxd5
cxd5 9. a3 Rc8 10. Qb1 Be7 11. O-O O-O 12. Bd2 Re8 13. Rd1 Qc7 14. Rc1 Qb8 15.
e4 Rxc3 16. Bxc3 dxe4 17. Nd2 exd3 18. Qxd3 Qf4 19. f3 Nd5 20. Ne4 Nxc3 21.
Rxc3 Bxe4 22. fxe4 Nf6 23. e5 Ng4 0-1

[Event "28. Torneo San Viator 2017"]
[Site "Madrid ESP"]
[Date "2017.04.23"]
[Round "4.1"]
[White "Renteria, Jorge"]
[Black "Unciti Juan, Javier"]
[Result "1-0"]
[WhiteElo "2275"]
[BlackElo "1998"]
[PlyCount "99"]
[EventDate "2017.03.26"]
[EventType "swiss"]
[EventRounds "9"]
[EventCountry "ESP"]
[SourceTitle "Ajedrez en Madrid"]
[Source "lmi"]
[SourceDate "2017.03.26"]

1. e4 e6 2. d4 d5 3. Bd3 c5 4. exd5 exd5 5. Nf3 c4 6. Be2 Nf6 7. O-O Bd6 8. b3
cxb3 9. axb3 O-O 10. c4 h6 11. Nc3 Nc6 12. Nb5 Bb8 13. h3 Bf5 14. Re1 Be4 15.
Nc3 Re8 16. Be3 Nb4 17. Nxe4 Nxe4 18. Bd2 Nxd2 19. Qxd2 a5 20. c5 Qf6 21. Bb5
Re4 22. Bd3 Nxd3 23. Qxd3 Qe6 24. Qb5 Bf4 25. Reb1 g5 26. b4 h5 27. bxa5 g4 28.
hxg4 hxg4 29. Qxb7 Rb8 30. Qxb8+ Bxb8 31. Rxb8+ Kg7 32. Rb6 Qe8 33. Ne5 Rxd4
34. Re1 Qa4 35. Rb7 Rf4 36. c6 Qxa5 37. Nd3 Rc4 38. Ree7 Kg6 39. Ne5+ Kf5 40.
Nxc4 Qa1+ 41. Kh2 Qh8+ 42. Kg3 dxc4 43. Rxf7+ Kg5 44. Rg7+ Kf5 45. c7 Qe8 46.
Re7 Qg8 47. Ra7 Qh8 48. Ra5+ Kf6 49. Rc5 Qc8 50. Re8 1-0

[Event "28. Torneo San Viator 2017"]
[Site "Madrid ESP"]
[Date "2017.04.23"]
[Round "4.2"]
[White "Cervino Rossel, Cristobal"]
[Black "Quispe Arteaga, Gabriel"]
[Result "0-1"]
[WhiteElo "2045"]
[BlackElo "2309"]
[PlyCount "94"]
[EventDate "2017.03.26"]
[EventType "swiss"]
[EventRounds "9"]
[EventCountry "ESP"]
[SourceTitle "Ajedrez en Madrid"]
[Source "lmi"]
[SourceDate "2017.03.26"]

1. d4 d5 2. Nf3 Nf6 3. g3 c5 4. Bg2 cxd4 5. Nxd4 h6 6. O-O e5 7. Nb3 Be7 8. c4
dxc4 9. Qxd8+ Bxd8 10. N3d2 O-O 11. Nxc4 Bc7 12. Nc3 Nc6 13. Nb5 Bb8 14. Nbd6
Bxd6 15. Nxd6 Rd8 16. Nxc8 Raxc8 17. e3 e4 18. b3 Ne5 19. Bb2 Nf3+ 20. Bxf3
exf3 21. Bd4 Ne4 22. Rac1 b6 23. h3 Ng5 24. h4 Ne4 25. b4 g5 26. b5 gxh4 27.
gxh4 Kh7 28. Kh2 f6 29. Rg1 Rxc1 30. Rxc1 Rg8 31. Rg1 Rxg1 32. Kxg1 Kg6 33. Kh2
Kf5 34. Kh3 h5 35. a4 Ke6 36. a5 bxa5 37. Bxa7 Kd5 38. Bd4 a4 39. Kh2 a3 40.
Kh3 f5 41. Kh2 a2 42. Kh3 f4 43. b6 Nxf2+ 44. Kh2 Ng4+ 45. Kh3 f2 46. Kg2 Nxe3+
47. Kxf2 Kxd4 0-1

[Event "28. Torneo San Viator 2017"]
[Site "Madrid ESP"]
[Date "2017.04.23"]
[Round "4.3"]
[White "Pascual Delgado, Guillermo"]
[Black "Rottenwohrer Suarez, Juan"]
[Result "1/2-1/2"]
[WhiteElo "1915"]
[BlackElo "2129"]
[PlyCount "105"]
[EventDate "2017.03.26"]
[EventType "swiss"]
[EventRounds "9"]
[EventCountry "ESP"]
[SourceTitle "Ajedrez en Madrid"]
[Source "lmi"]
[SourceDate "2017.03.26"]

1. d4 Nf6 2. Bg5 Ne4 3. Bf4 c5 4. e3 Qb6 5. Nc3 Qb4 6. a3 Nxc3 7. axb4 Nxd1 8.
bxc5 Nxb2 9. Ra2 Nc6 10. Nf3 d6 11. Bb5 Bd7 12. cxd6 exd6 13. Rxb2 Be7 14. O-O
a6 15. Ra1 O-O 16. Bd3 Bc8 17. c4 f6 18. h3 g5 19. Bh2 f5 20. Nd2 Kg7 21. Nb1
Nd8 22. Nc3 Be6 23. Rb6 Rc8 24. d5 Bd7 25. Bxd6 Bxd6 26. Rxd6 Rc7 27. f4 Re8
28. Kf2 gxf4 29. exf4 Bc8 30. Ne2 Nf7 31. Rb6 Rd8 32. Nd4 Nd6 33. Re1 Kf7 34.
Rc1 Kg7 35. c5 Ne4+ 36. Bxe4 fxe4 37. d6 Rf7 38. Ke3 Rdf8 39. Rf1 Re8 40. g4 h5
41. f5 hxg4 42. hxg4 Re5 43. Rc1 Re8 44. Kf4 Rh8 45. Kxe4 Rh2 46. Ne6+ Kg8 47.
Rd1 Rg2 48. c6 Bxe6 49. fxe6 Rxg4+ 50. Ke3 Rg3+ 51. Ke2 Rg2+ 52. Ke1 Rff2 53.
e7 1/2-1/2

[Event "28. Torneo San Viator 2017"]
[Site "Madrid ESP"]
[Date "2017.04.23"]
[Round "4.4"]
[White "Munoz Cebey, Ricardo"]
[Black "Correas Gonzalez, Jose Ramon"]
[Result "1/2-1/2"]
[WhiteElo "1797"]
[BlackElo "2080"]
[PlyCount "153"]
[EventDate "2017.03.26"]
[EventType "swiss"]
[EventRounds "9"]
[EventCountry "ESP"]
[SourceTitle "Ajedrez en Madrid"]
[Source "lmi"]
[SourceDate "2017.03.26"]

1. c4 b6 2. Nf3 Bb7 3. g3 Bxf3 4. exf3 Nf6 5. Bg2 g6 6. O-O Bg7 7. d4 O-O 8.
Nc3 Nc6 9. d5 Na5 10. Qd3 Nb7 11. Be3 Nc5 12. Qd2 a5 13. Ne4 d6 14. Bd4 e5 15.
dxe6 fxe6 16. Nxf6+ Bxf6 17. f4 Rb8 18. Rad1 Bxd4 19. Qxd4 Qf6 20. Rfe1 Qxd4
21. Rxd4 b5 22. cxb5 Rxb5 23. b3 Rfb8 24. Bh3 Kf7 25. Rd2 a4 26. bxa4 Rb4 27.
Rde2 Re8 28. Bg2 Nxa4 29. Bc6 Re7 30. a3 Rd4 31. Re4 Rxe4 32. Rxe4 Nc5 33. Re3
d5 34. a4 d4 35. Re1 d3 36. Bb5 c6 37. Bxc6 Rc7 38. Bb5 d2 39. Rd1 Ne4 40. Kf1
Rc1 41. Ke2 Nc3+ 42. Kxd2 Rxd1+ 43. Kxc3 Ke7 44. a5 Kd6 45. a6 Ra1 46. Kd4 Rd1+
47. Ke4 Kc5 48. Be2 Ra1 49. h4 Ra2 50. Ke3 Kd6 51. Bc4 Ra1 52. g4 Kc5 53. Bd3
Kb6 54. Ke4 Re1+ 55. Kf3 Rh1 56. Kg3 Ra1 57. Kf3 Ra3 58. Ke4 Kc5 59. Bf1 Kd6
60. Bd3 Ra4+ 61. Ke3 e5 62. fxe5+ Kxe5 63. f3 Ra3 64. f4+ Kd5 65. f5 gxf5 66.
gxf5 Ke5 67. h5 h6 68. Ke2 Ra4 69. Ke3 Kf6 70. Kf3 Kg5 71. Ke3 Ra1 72. Kd4 Ra4+
73. Kc5 Ra3 74. Be2 Kxf5 75. Kb6 Ra2 76. a7 Rxa7 77. Kxa7 1/2-1/2

[Event "28. Torneo San Viator 2017"]
[Site "Madrid ESP"]
[Date "2017.04.23"]
[Round "4.5"]
[White "Iturbide Arnedo, Oscar"]
[Black "Padin Lazaro, Jose Manuel"]
[Result "1-0"]
[WhiteElo "2097"]
[BlackElo "1914"]
[PlyCount "107"]
[EventDate "2017.03.26"]
[EventType "swiss"]
[EventRounds "9"]
[EventCountry "ESP"]
[SourceTitle "Ajedrez en Madrid"]
[Source "lmi"]
[SourceDate "2017.03.26"]

1. e4 e6 2. d4 d5 3. Nd2 c5 4. Ngf3 cxd4 5. exd5 Qxd5 6. Bc4 Qd6 7. O-O Nf6 8.
Nb3 Nc6 9. Nbxd4 Nxd4 10. Nxd4 a6 11. c3 Qc7 12. Bd3 Bd6 13. Kh1 b5 14. Bxb5+
Kf8 15. Be2 e5 16. Nb3 Bb7 17. Na5 Bd5 18. Nc4 Qc6 19. Ne3 Be6 20. b3 Rd8 21.
Ba3 Ke7 22. Bxd6+ Rxd6 23. Qc2 Rhd8 24. Rad1 Rxd1 25. Rxd1 Rxd1+ 26. Bxd1 Nd5
27. Nxd5+ Bxd5 28. f3 g6 29. c4 Be6 30. Qd2 Qd6 31. Qxd6+ Kxd6 32. Kg1 Kc5 33.
Kf2 Kd4 34. Ke2 Kc3 35. Ke3 Bf5 36. g4 Be6 37. g5 Bf5 38. Be2 a5 39. f4 exf4+
40. Kxf4 Kd4 41. a3 Be6 42. h4 Kc3 43. b4 axb4 44. axb4 Kxb4 45. Ke5 Kc5 46.
Bd3 Bd7 47. Kf6 Be6 48. Ke7 Kd4 49. Bf1 Kc5 50. Kf6 Kd6 51. Be2 Kc5 52. Ke5 Bf5
53. h5 Be6 54. h6 1-0

[Event "28. Torneo San Viator 2017"]
[Site "Madrid ESP"]
[Date "2017.04.23"]
[Round "4.7"]
[White "Julian Serra, Rogelio"]
[Black "Rodriguez Bittar, Karim Javier"]
[Result "0-1"]
[WhiteElo "2002"]
[BlackElo "1967"]
[PlyCount "102"]
[EventDate "2017.03.26"]
[EventType "swiss"]
[EventRounds "9"]
[EventCountry "ESP"]
[SourceTitle "Ajedrez en Madrid"]
[Source "lmi"]
[SourceDate "2017.03.26"]

1. c4 Nf6 2. g3 e5 3. Bg2 Bc5 4. e3 Nc6 5. Ne2 a6 6. O-O d6 7. a3 Ba7 8. b4 Be6
9. Qc2 Qd7 10. f4 Bh3 11. Bb2 Bxg2 12. Kxg2 exf4 13. Nxf4 Ne5 14. Bxe5 dxe5 15.
Nd5 Nxd5 16. cxd5 Qxd5+ 17. Kg1 O-O 18. Nc3 Qd7 19. Rf2 f5 20. Raf1 g6 21. Qb3+
Kg7 22. Kg2 Rad8 23. Qc4 Rf7 24. Ne4 Qd5 25. Qxd5 Rxd5 26. g4 f4 27. Rf3 Rd3
28. exf4 Rxf3 29. Rxf3 exf4 30. Rd3 h6 31. h4 Kf8 32. Kf3 Ke7 33. Rd5 c6 34.
Re5+ Kd7 35. Nc5+ Bxc5 36. bxc5 Rf6 37. g5 hxg5 38. hxg5 Rf8 39. Re4 Rf5 40.
Rxf4 Ke6 41. d4 Rxg5 42. Ke4 Rg3 43. Rf8 Rxa3 44. Re8+ Kf7 45. Rb8 Rb3 46. d5
cxd5+ 47. Kxd5 g5 48. Ke4 Rb4+ 49. Kf5 Rb5 50. Kg4 Ke6 51. Rc8 Kd7 0-1

[Event "28. Torneo San Viator 2017"]
[Site "Madrid ESP"]
[Date "2017.04.23"]
[Round "4.9"]
[White "Linares Leyva, David"]
[Black "Martin Sanchez, Francisco"]
[Result "1/2-1/2"]
[WhiteElo "1810"]
[BlackElo "1994"]
[PlyCount "80"]
[EventDate "2017.03.26"]
[EventType "swiss"]
[EventRounds "9"]
[EventCountry "ESP"]
[SourceTitle "Ajedrez en Madrid"]
[Source "lmi"]
[SourceDate "2017.03.26"]

1. Nf3 f5 2. c4 Nf6 3. g3 e6 4. Bg2 d5 5. O-O c6 6. d3 Bc5 7. Nc3 O-O 8. Qc2
Qe7 9. e4 d4 10. e5 dxc3 11. exf6 gxf6 12. bxc3 e5 13. d4 Bd6 14. c5 Bc7 15.
dxe5 fxe5 16. Bg5 Qxc5 17. Qb3+ Qd5 18. c4 Qf7 19. Rfe1 Nd7 20. Bh6 Nc5 21. Qa3
Ne4 22. Bxf8 Qxf8 23. Qxf8+ Kxf8 24. Nh4 Nc5 25. Bh3 f4 26. Bxc8 Rxc8 27. Rad1
fxg3 28. hxg3 Kf7 29. Nf3 Kf6 30. Kg2 Rg8 31. Rh1 Kg7 32. Rhe1 Kf6 33. Rh1 Kg6
34. Rde1 Re8 35. Nd2 Rd8 36. Re2 Nd3 37. Ne4 Rd4 38. c5 b6 39. cxb6 Bxb6 40. f3
c5 1/2-1/2

[Event "28. Torneo San Viator 2017"]
[Site "Madrid ESP"]
[Date "2017.04.23"]
[Round "4.10"]
[White "Mazo Fernandez, Roberto"]
[Black "Sainz Pino, Fernando"]
[Result "0-1"]
[WhiteElo "1982"]
[BlackElo "1895"]
[PlyCount "58"]
[EventDate "2017.03.26"]
[EventType "swiss"]
[EventRounds "9"]
[EventCountry "ESP"]
[SourceTitle "Ajedrez en Madrid"]
[Source "lmi"]
[SourceDate "2017.03.26"]

1. d4 Nf6 2. c4 g6 3. f3 d5 4. cxd5 Nxd5 5. e4 Nb6 6. Nc3 Bg7 7. Be3 O-O 8. Qd2
Nc6 9. O-O-O Na5 10. Bh6 Nac4 11. Qf4 Qd6 12. Bxc4 Nxc4 13. Nd5 e5 14. Qh4
Bxh6+ 15. Qxh6 c6 16. dxe5 Qxe5 17. Nc3 b5 18. f4 Qe7 19. Re1 Qb4 20. Re2 Nxb2
21. Rxb2 Qxc3+ 22. Rc2 Qa1+ 23. Kd2 Rd8+ 24. Ke3 Qd4+ 25. Kf3 Qd3+ 26. Kf2
Qxc2+ 27. Kg3 Rd2 28. Nf3 Rxg2+ 29. Kh4 Qf2# 0-1

[Event "28. Torneo San Viator 2017"]
[Site "Madrid ESP"]
[Date "2017.04.23"]
[Round "4.11"]
[White "Lobato Rivero, Carlos"]
[Black "Camarero Izquierdo, Juan Carlo"]
[Result "1-0"]
[WhiteElo "1969"]
[BlackElo "1775"]
[PlyCount "59"]
[EventDate "2017.03.26"]
[EventType "swiss"]
[EventRounds "9"]
[EventCountry "ESP"]
[SourceTitle "Ajedrez en Madrid"]
[Source "lmi"]
[SourceDate "2017.03.26"]

1. e4 c5 2. c3 e6 3. d4 d5 4. e5 Nc6 5. Be3 Nge7 6. Bd3 Bd7 7. Nf3 Rc8 8. dxc5
Ng6 9. Bd4 Qc7 10. Bxg6 hxg6 11. Na3 Nxd4 12. cxd4 b6 13. O-O bxc5 14. Qe2 cxd4
15. Nb5 Qb8 16. Nbxd4 Be7 17. Rfd1 O-O 18. Rd3 Rc4 19. h4 Rfc8 20. g3 Rc1+ 21.
Rxc1 Rxc1+ 22. Kg2 Bb5 23. Rb3 a6 24. a4 Qa8 25. axb5 axb5 26. Qxb5 Qa1 27.
Qe8+ Kh7 28. Rb8 g5 29. Qh8+ Kg6 30. h5# 1-0

[Event "28. Torneo San Viator 2017"]
[Site "Madrid ESP"]
[Date "2017.04.23"]
[Round "4.12"]
[White "Sanchez Hernandez, Guillermo"]
[Black "Arroyo Martinez, Fernando"]
[Result "0-1"]
[WhiteElo "1768"]
[BlackElo "1898"]
[PlyCount "80"]
[EventDate "2017.03.26"]
[EventType "swiss"]
[EventRounds "9"]
[EventCountry "ESP"]
[SourceTitle "Ajedrez en Madrid"]
[Source "lmi"]
[SourceDate "2017.03.26"]

1. e4 c5 2. Nf3 Nc6 3. d4 cxd4 4. Nxd4 e5 5. Nb5 a6 6. Nd6+ Bxd6 7. Qxd6 Qf6 8.
Qd1 Nge7 9. Nc3 Qg6 10. Be3 d5 11. exd5 Nb4 12. Bd3 Nxd3+ 13. Qxd3 Bf5 14. Qd2
Bxc2 15. O-O Rd8 16. Bc5 Nc8 17. f4 Qd3 18. Qxd3 Bxd3 19. Rfd1 e4 20. f5 Ne7
21. Nxe4 Bxe4 22. Re1 Rxd5 23. Bxe7 Kxe7 24. Rxe4+ Kf6 25. g4 h5 26. h3 hxg4
27. hxg4 Rd2 28. Rb4 b5 29. a4 Rhh2 30. axb5 axb5 31. Ra6+ Kg5 32. f6 Rhg2+ 33.
Kh1 Rge2 34. Rxb5+ Kh4 35. Ra1 g5 36. Rb7 Kh3 37. Kg1 Rg2+ 38. Kh1 Rh2+ 39. Kg1
Rdg2+ 40. Kf1 Rh1# 0-1

[Event "28. Torneo San Viator 2017"]
[Site "Madrid ESP"]
[Date "2017.04.23"]
[Round "4.13"]
[White "Marret, Constantin Pierre"]
[Black "Garcia Sanjuan, Jose"]
[Result "0-1"]
[WhiteElo "1602"]
[BlackElo "1891"]
[PlyCount "104"]
[EventDate "2017.03.26"]
[EventType "swiss"]
[EventRounds "9"]
[EventCountry "ESP"]
[SourceTitle "Ajedrez en Madrid"]
[Source "lmi"]
[SourceDate "2017.03.26"]

1. Nf3 b6 2. g3 Bb7 3. Bg2 g6 4. c4 Bg7 5. d4 Nc6 6. O-O d5 7. cxd5 Qxd5 8. Ne5
Qe6 9. Bxc6+ Bxc6 10. Nxc6 Qxc6 11. d5 Qd7 12. Nc3 Nf6 13. e4 O-O 14. e5 Ne8
15. Qe2 Qf5 16. Re1 h5 17. Qe4 Qxe4 18. Rxe4 f6 19. f4 fxe5 20. fxe5 Rf5 21.
Be3 Rxe5 22. Rxe5 Bxe5 23. Re1 Nf6 24. Bg5 Bxc3 25. bxc3 Kf7 26. c4 Rd8 27. a4
a6 28. h3 Rd7 29. Re6 Rd6 30. Re2 Rd7 31. Re6 Ne8 32. Bf4 Nd6 33. c5 bxc5 34.
g4 hxg4 35. hxg4 c4 36. Kg2 c6 37. Re5 Rc7 38. dxc6 Rxc6 39. Bg5 Rc7 40. Ra5
Ne4 41. Bf4 Rc6 42. Kf3 Nc5 43. Ke2 c3 44. Kd1 c2+ 45. Ke2 Nb3 46. Rd5 c1=Q 47.
Bxc1 Nxc1+ 48. Kd2 Nb3+ 49. Kd3 Nc5+ 50. Kc4 Nxa4+ 51. Kb4 Nb6 52. Ka5 Nxd5 0-1

[Event "28. Torneo San Viator 2017"]
[Site "Madrid ESP"]
[Date "2017.04.23"]
[Round "4.14"]
[White "Gonzalez-Ruano Perez, Cesar"]
[Black "Sanchez Gomez, Emiliano"]
[Result "1-0"]
[WhiteElo "1882"]
[BlackElo "1752"]
[PlyCount "57"]
[EventDate "2017.03.26"]
[EventType "swiss"]
[EventRounds "9"]
[EventCountry "ESP"]
[SourceTitle "Ajedrez en Madrid"]
[Source "lmi"]
[SourceDate "2017.03.26"]

1. Nf3 d5 2. g3 Bf5 3. b3 Nf6 4. Bb2 e6 5. Bg2 h6 6. O-O Be7 7. c4 c6 8. d3 O-O
9. Nbd2 Nbd7 10. Re1 Bh7 11. e4 a5 12. Qe2 Kh8 13. a3 Nc5 14. b4 dxe4 15. dxe4
Ncxe4 16. Nxe4 Nxe4 17. Rad1 Qc8 18. Ne5 Nf6 19. b5 cxb5 20. cxb5 Nd5 21. Rxd5
exd5 22. Bxd5 f6 23. Nf7+ Rxf7 24. Bxf7 Bc5 25. Bd5 Rb8 26. Qf3 Bg6 27. Re6 Bf7
28. Rxf6 Bxd5 29. Rxh6+ 1-0

[Event "28. Torneo San Viator 2017"]
[Site "Madrid ESP"]
[Date "2017.04.23"]
[Round "4.15"]
[White "Enfedaque Jimenez, Juan Carlos"]
[Black "Recuenco Andres, Javier"]
[Result "0-1"]
[WhiteElo "1764"]
[BlackElo "1890"]
[PlyCount "86"]
[EventDate "2017.03.26"]
[EventType "swiss"]
[EventRounds "9"]
[EventCountry "ESP"]
[SourceTitle "Ajedrez en Madrid"]
[Source "lmi"]
[SourceDate "2017.03.26"]

1. e4 d5 2. exd5 Nf6 3. d4 Bg4 4. Nf3 Qxd5 5. Be2 Nc6 6. Nc3 Qh5 7. Be3 O-O-O
8. Qd2 e5 9. d5 e4 10. Nd4 Nxd4 11. Qxd4 Bxe2 12. Nxe2 c5 13. Qa4 Nxd5 14. Ng3
Qe5 15. Qxa7 Nxe3 16. fxe3 g6 17. O-O f5 18. Rfd1 Bd6 19. c4 Bb8 20. Qa4 h5 21.
b4 h4 22. Nf1 Rd3 23. bxc5 Qxc5 24. Rab1 Rhd8 25. Rb5 Qxb5 26. cxb5 Rxd1 27.
Qc2+ Bc7 28. b6 R1d7 29. Nd2 Kb8 30. bxc7+ Rxc7 31. Qb2 Rdc8 32. Qe5 Ka8 33.
Qa5+ Kb8 34. Qe5 Ka8 35. Qa5+ Kb8 36. Nb3 Rc2 37. Nd4 Rc1+ 38. Kf2 R8c5 39.
Qd8+ Ka7 40. Nb3 R5c2+ 41. Nd2 Rxa2 42. Qd4+ b6 43. Ke2 Rcc2 0-1

[Event "28. Torneo San Viator 2017"]
[Site "Madrid ESP"]
[Date "2017.04.23"]
[Round "4.17"]
[White "Sotoca Aguado, Jose"]
[Black "Martinez Rubio, Felipe"]
[Result "1-0"]
[WhiteElo "1860"]
[BlackElo "1711"]
[PlyCount "161"]
[EventDate "2017.03.26"]
[EventType "swiss"]
[EventRounds "9"]
[EventCountry "ESP"]
[SourceTitle "Ajedrez en Madrid"]
[Source "lmi"]
[SourceDate "2017.03.26"]

1. e4 c5 2. Nf3 e6 3. d4 cxd4 4. Nxd4 Nf6 5. Bd3 Nc6 6. Nxc6 bxc6 7. O-O Be7 8.
e5 Nd5 9. c4 Nb4 10. Be4 Qc7 11. Bf4 Na6 12. Nc3 Nc5 13. Bc2 a5 14. Qg4 g6 15.
Rfe1 h5 16. Qg3 Ba6 17. b3 Qd8 18. Rad1 Bh4 19. Qe3 Be7 20. Ne4 Nxe4 21. Qxe4
Qc7 22. Qf3 a4 23. Be4 Rd8 24. Qd3 axb3 25. axb3 Rb8 26. h3 Bb7 27. Qe3 c5 28.
Bc2 Qc6 29. f3 Qc8 30. Ra1 Ra8 31. Bg5 Rxa1 32. Rxa1 Bxg5 33. Qxg5 Qd8 34. Qe3
Qc7 35. Qg5 Qd8 36. Qxd8+ Kxd8 37. Ra5 Ke7 38. Kf2 Ra8 39. Rxa8 Bxa8 40. h4 d6
41. exd6+ Kxd6 42. Ke3 f5 43. Kf4 e5+ 44. Kg5 e4 45. fxe4 fxe4 46. Kf4 e3 47.
Kxe3 Bxg2 48. Bxg6 Ke5 49. Bxh5 Be4 50. Bd1 Bb1 51. h5 Kf6 52. Kf4 Bd3 53. h6
Bg6 54. b4 cxb4 55. c5 Be8 56. Bb3 Bc6 57. Ke3 Kg6 58. Kd4 Kxh6 59. Kc4 Kg5 60.
Kxb4 Kf6 61. Ka5 Ke5 62. Kb6 Be4 63. Ba4 Bf5 64. Bb3 Be4 65. Kc7 Bf3 66. Ba4
Kd4 67. Kd6 Kc4 68. Bc6 Bg4 69. Bg2 Kb5 70. Bf1+ Ka5 71. c6 Kb6 72. Bg2 Bf5 73.
c7 Bc8 74. Bc6 Ba6 75. Kd7 Ka7 76. Kd8 Kb6 77. Bd7 Ka7 78. Bc8 Bd3 79. Bb7 Bf5
80. Be4 Bg4 81. Bc6 1-0

[Event "28. Torneo San Viator 2017"]
[Site "Madrid ESP"]
[Date "2017.04.23"]
[Round "4.18"]
[White "Juzgado Niella, Angel Luis"]
[Black "Cano Mercado, Francisco Manuel"]
[Result "0-1"]
[WhiteElo "1625"]
[BlackElo "1799"]
[PlyCount "70"]
[EventDate "2017.03.26"]
[EventType "swiss"]
[EventRounds "9"]
[EventCountry "ESP"]
[SourceTitle "Ajedrez en Madrid"]
[Source "lmi"]
[SourceDate "2017.03.26"]

1. b3 Nf6 2. Bb2 e6 3. Nf3 d5 4. e3 Be7 5. d4 O-O 6. Nbd2 c5 7. c4 Nc6 8. Bd3
b6 9. O-O Bb7 10. Rc1 Rc8 11. Qe2 Re8 12. Rfd1 Bf8 13. Ne5 cxd4 14. exd4 dxc4
15. Ndxc4 Nb4 16. Bb1 Nbd5 17. Qd2 Nd7 18. Qd3 g6 19. Qg3 Nxe5 20. dxe5 Qd7 21.
Ne3 Rxc1 22. Bxc1 Bg7 23. Ba3 Qb5 24. Nc4 Rd8 25. Bd3 Qd7 26. Nd6 Bf8 27. f4
Bxd6 28. Bxd6 Rc8 29. Bc4 b5 30. Bxd5 Bxd5 31. Qd3 Qc6 32. Qd2 Qc2 33. h3 Bxg2
34. Kh2 Bf3 35. b4 Bxd1 0-1

[Event "28. Torneo San Viator 2017"]
[Site "Madrid ESP"]
[Date "2017.04.23"]
[Round "4.19"]
[White "Cujba, Anca-Claudia"]
[Black "Iriarte Diez, Enrique"]
[Result "1-0"]
[WhiteElo "1760"]
[BlackElo "1592"]
[PlyCount "91"]
[EventDate "2017.03.26"]
[EventType "swiss"]
[EventRounds "9"]
[EventCountry "ESP"]
[SourceTitle "Ajedrez en Madrid"]
[Source "lmi"]
[SourceDate "2017.03.26"]

1. e4 c6 2. c4 d5 3. exd5 cxd5 4. cxd5 Nf6 5. Bb5+ Bd7 6. Bc4 Qc7 7. d3 b5 8.
Bb3 Na6 9. Nf3 Nc5 10. Bc2 Nxd5 11. O-O e6 12. Re1 Bd6 13. d4 Nb7 14. Nbd2 Nb4
15. Be4 Bc6 16. Bf5 Be7 17. Bb1 Nd6 18. Ne5 Bb7 19. Nb3 Nc4 20. Bf4 Bd6 21. Qg4
O-O-O 22. a4 g5 23. Bg3 h5 24. Qxg5 h4 25. Nxc4 bxc4 26. Bxd6 Qxd6 27. Qc5+ Qc6
28. Be4 Nd5 29. Qxc6+ Bxc6 30. Na5 Ba8 31. Nxc4 Kd7 32. Ne5+ Ke7 33. Rac1 f5
34. Bxd5 Bxd5 35. Ng6+ Kf6 36. Nxh8 Rg8 37. g3 f4 38. Nf7 Kxf7 39. Rc7+ Kf6 40.
Rxa7 hxg3 41. fxg3 fxg3 42. Rf1+ Kg5 43. hxg3 Kg4 44. Rff7 Rh8 45. Rh7 Rf8 46.
Rag7+ 1-0

[Event "28. Torneo San Viator 2017"]
[Site "Madrid ESP"]
[Date "2017.04.23"]
[Round "4.20"]
[White "Tudela Garcia, Antonio"]
[Black "Martin Lozano, Miguel Angel"]
[Result "0-1"]
[WhiteElo "1602"]
[BlackElo "1759"]
[PlyCount "88"]
[EventDate "2017.03.26"]
[EventType "swiss"]
[EventRounds "9"]
[EventCountry "ESP"]
[SourceTitle "Ajedrez en Madrid"]
[Source "lmi"]
[SourceDate "2017.03.26"]

1. e4 e6 2. Qe2 c5 3. Nf3 Nc6 4. g3 Nf6 5. Bg2 Be7 6. O-O O-O 7. Nc3 d5 8. d3
d4 9. Nd1 e5 10. b3 Bg4 11. a4 Qd7 12. Nb2 Bd6 13. Nc4 Bc7 14. Bd2 Rad8 15. Qe1
Ne8 16. Kh1 Bh3 17. Ng1 Bxg2+ 18. Kxg2 Nd6 19. Nxd6 Bxd6 20. f3 Nb4 21. Rc1 b5
22. Bxb4 cxb4 23. axb5 Qxb5 24. Ra1 a5 25. Ra4 Rc8 26. Rf2 Rc3 27. Qa1 Bc7 28.
Rd2 Qc6 29. Qd1 Qh6 30. Ne2 Rc6 31. g4 Rg6 32. Ng3 Qg5 33. Nf5 Re6 34. h4 Qf4
35. Re2 g6 36. Ng3 f5 37. Qd2 fxg4 38. fxg4 Qxg4 39. Qg5 Qf3+ 40. Kh3 h5 41.
Ra1 Bd8 42. Qd2 Qg4+ 43. Kg2 Bxh4 44. Qe1 Rf3 0-1

[Event "28. Torneo San Viator 2017"]
[Site "Madrid ESP"]
[Date "2017.04.23"]
[Round "4.21"]
[White "Lizon Martinez, Santiago"]
[Black "Lopez Guitian, Juan J"]
[Result "1/2-1/2"]
[WhiteElo "1750"]
[BlackElo "1589"]
[PlyCount "88"]
[EventDate "2017.03.26"]
[EventType "swiss"]
[EventRounds "9"]
[EventCountry "ESP"]
[SourceTitle "Ajedrez en Madrid"]
[Source "lmi"]
[SourceDate "2017.03.26"]

1. e4 e5 2. Nf3 Nc6 3. Bb5 Nf6 4. O-O Nxe4 5. Re1 Nd6 6. Nxe5 Nxe5 7. Rxe5+ Be7
8. Bf1 O-O 9. d4 Bf6 10. Re1 Nf5 11. c3 d5 12. Nd2 a5 13. Nf3 Be6 14. Bf4 Nd6
15. Ne5 Re8 16. Bd3 g6 17. Qf3 Bg7 18. h3 Nf5 19. Rad1 h5 20. Bc2 a4 21. Re2 c6
22. Rde1 Qf6 23. Nd3 Nh4 24. Qg3 Nf5 25. Qf3 Nh4 26. Qg3 Nf5 27. Qg5 a3 28. b3
Qxg5 29. Bxg5 b6 30. Nb4 c5 31. dxc5 Bxc3 32. Bd2 Bxd2 33. Rxd2 bxc5 34. Nxd5
Rad8 35. Red1 Bxd5 36. Rxd5 Re1+ 37. Rxe1 Rxd5 38. Re8+ Kg7 39. Ra8 Nd4 40. Bd1
Nb5 41. Bf3 Rd2 42. Ra5 Nc3 43. Rxa3 Rxa2 44. Rxa2 Nxa2 1/2-1/2

[Event "28. Torneo San Viator 2017"]
[Site "Madrid ESP"]
[Date "2017.04.23"]
[Round "4.22"]
[White "Criado Jimenez, Jose"]
[Black "Barahona Torrijos, Angel"]
[Result "0-1"]
[WhiteElo "1678"]
[BlackElo "1880"]
[PlyCount "34"]
[EventDate "2017.03.26"]
[EventType "swiss"]
[EventRounds "9"]
[EventCountry "ESP"]
[SourceTitle "Ajedrez en Madrid"]
[Source "lmi"]
[SourceDate "2017.03.26"]

1. b3 e5 2. Bb2 Nc6 3. e3 Nf6 4. Bb5 Bd6 5. Na3 e4 6. Bxc6 dxc6 7. f4 exf3 8.
Nxf3 Bg4 9. Nc4 Qe7 10. Nxd6+ cxd6 11. h3 Bh5 12. Bxf6 Qxf6 13. O-O O-O-O 14.
e4 g5 15. g4 Bg6 16. d3 h5 17. Nh4 Qd4+ 0-1

[Event "28. Torneo San Viator 2017"]
[Site "Madrid ESP"]
[Date "2017.04.23"]
[Round "4.23"]
[White "Lopez Garralon, Miguel"]
[Black "Estevez Sacristan, Deva"]
[Result "1-0"]
[WhiteElo "2012"]
[BlackElo "1813"]
[PlyCount "107"]
[EventDate "2017.03.26"]
[EventType "swiss"]
[EventRounds "9"]
[EventCountry "ESP"]
[SourceTitle "Ajedrez en Madrid"]
[Source "lmi"]
[SourceDate "2017.03.26"]

1. e4 e6 2. d3 d5 3. Nd2 c5 4. Ngf3 Nf6 5. Be2 Nc6 6. c3 Bd6 7. O-O O-O 8. a3
a5 9. b3 b6 10. Bb2 Bb7 11. Re1 Qc7 12. Qc2 Ne5 13. Nxe5 Bxe5 14. g3 dxe4 15.
dxe4 Bd6 16. Rad1 Rad8 17. Bf3 Nd7 18. Bg2 f6 19. f4 b5 20. c4 b4 21. a4 e5 22.
f5 Nb8 23. Nf1 Nc6 24. Ne3 Nd4 25. Bxd4 exd4 26. Nd5 Bxd5 27. exd5 Rde8 28. Re6
Rxe6 29. dxe6 Be5 30. Qe4 Rd8 31. Kf2 Qd6 32. Ke2 Kf8 33. Kd3 Rc8 34. Qh4 Kg8
35. Qh5 Qc7 36. Bd5 Qe7 37. Re1 Rd8 38. Bf3 Qe8 39. Qh3 h6 40. Re4 Kf8 41. Bh5
Qc6 42. Qg4 Qc7 43. Bf7 Rc8 44. Qg6 Ke7 45. Qxg7 Kd6 46. Qxh6 Kc6 47. Qh3 Rf8
48. Bg6 Qg7 49. Rh4 Qc7 50. Rh7 Qc8 51. Qg2+ Kb6 52. e7 Re8 53. Qd5 Qb8 54.
Bxe8 1-0